| 000 | 00590nam a22001817a 4500 | ||
|---|---|---|---|
| 008 | 161122b xxu||||| |||| 00| 0 eng d | ||
| 020 | _a0198256191 | ||
| 050 | _aKZ21.B7(1987 vol.58) | ||
| 082 |
_2London: _aOxford University Press, _b1988. |
||
| 245 |
_aThe British year book of international law 1987. / _cedited by Ian Brownlie and D. W. Bowett. |
||
| 260 |
_aLondon: _bOxford University Press, _c1988. |
||
| 300 |
_aviii, 672p. : _c24cm. |
||
| 440 |
_pBritish yearbook. _vvol.58 |
||
| 500 | _aIncludes index. | ||
| 800 | _aBrownlie, Ian. | ||
| 800 | _aBowett, D. W. | ||
| 942 |
_2lcc _cBK |
||
| 999 |
_c6149 _d13649 |
||